|
|
|
|
| LEADER |
00000nam0a2200000 4500 |
| 001 |
285589 |
| 005 |
20231101235817.0 |
| 020 |
|
|
|a RU
|b 85-44154
|
| 035 |
|
|
|a (RuTPU)RU\TPU\book\309832
|
| 090 |
|
|
|a 285589
|
| 100 |
|
|
|a 20150226d1985 km y0rusy5003 ca
|
| 101 |
0 |
|
|a rus
|
| 102 |
|
|
|a RU
|
| 105 |
|
|
|a a z 001zy
|
| 200 |
1 |
|
|a Проблемы радиобиологии калифорния-252
|f Ю. И. Москалев [и др.]
|
| 210 |
|
|
|a Москва
|c Энергоатомиздат
|d 1985
|
| 215 |
|
|
|a 142 с.
|c ил.
|
| 300 |
|
|
|a Авт. указаны в вып. дан.
|
| 320 |
|
|
|a Библиогр.: с. 135-141
|
| 606 |
1 |
|
|a Радиобиология прикладная
|2 stltpush
|3 (RuTPU)RU\TPU\subj\22521
|9 47268
|
| 610 |
1 |
|
|a калифорний, изотопы
|
| 610 |
1 |
|
|a кинетика
|
| 610 |
1 |
|
|a обмен
|
| 610 |
1 |
|
|a биологическое действие
|
| 610 |
1 |
|
|a трансплутониевые элементы
|
| 610 |
1 |
|
|a опухоли
|
| 610 |
1 |
|
|a радиотерапия
|
| 610 |
1 |
|
|a источники нейтронов
|
| 610 |
1 |
|
|a допустимые количества
|
| 675 |
|
|
|a 577.346
|z rus
|v 3
|
| 701 |
|
1 |
|a Москалев
|b Ю. И.
|g Юрий Иванович
|
| 701 |
|
1 |
|a Стрельцова
|b В. Н.
|g Вера Николаевна
|
| 701 |
|
1 |
|a Степанов
|b С. В.
|g Сергей Викторович
|
| 701 |
|
1 |
|a Жорова
|b Е. С.
|g Елена Соломоновна
|
| 801 |
|
0 |
|a RU
|b RuMRKP
|c 19950704
|g psbo
|
| 801 |
|
1 |
|a RU
|b 63413507
|c 20150226
|
| 801 |
|
2 |
|a RU
|b 63413507
|c 20171113
|g RCR
|
| 942 |
|
|
|c BK
|